000 00346 a2200157 4500
001 58367
020 _a
040 _cAnchieta - Pituba
100 _aGuarnieri, Gianfrancesco
240 1 0 _aEles não usam black-tie
_lpor
245 1 0 _aEles não usam black-tie
300 _a115
362 0 _a1989
650 4 _aDrama brasileiro
942 _cBK
999 _c58367
_d58367